Louise - TV Girl (Lyrics) - Statistics

General Stats
  • This quiz has been taken 174 times
  • The average score is 141 of 192
Answer Stats
Answer % Correct
Louise
98%
a
97%
I
95%
be
93%
she
92%
She
92%
you
92%
You
92%
the
90%
friend
89%
can't
88%
in
87%
to
87%
To
87%
anybody's
85%
love
85%
Love
85%
When
85%
just
84%
Just
84%
his
82%
into
79%
think
79%
wasn't
78%
And
77%
and
77%
bed
77%
could
77%
know
77%
that
77%
on
75%
climbed
74%
never
74%
best
73%
don't
73%
wanted
73%
thinking
71%
if
70%
I'll
70%
lie
70%
only
70%
puppy
70%
'til
70%
France
69%
hell
69%
with
69%
'Cause
68%
I'm
68%
they
68%
about
67%
dead
67%
Even
67%
even
67%
term
66%
But
65%
ever
65%
him
65%
alone
64%
her
64%
left
64%
would
64%
from
63%
heard
63%
beside
61%
came
61%
it
61%
way
61%
country
59%
made
59%
across
58%
likes
58%
Not
58%
answer
57%
dance
57%
stare
57%
attention
56%
phone
56%
catch
55%
good
55%
your
53%
apartment
52%
up
52%
woke
50%
out
48%
same
48%
whispered
48%
there's
47%
coming
45%
kick
45%
rent
45%
Whatever
45%
friends
43%
paid
42%
streets
42%
won
42%
me
40%
uh
40%
that's
27%
for
20%
now
11%
zombie
8%
No matching quizzes found
Score Distribution
Percent of People with Each Score
Percentile by Number Answered
Your Score History
You have not taken this quiz